000 00370nam a22001457a 4500
003 macl
005 20180420164101.0
008 180420b xxu||||| |||| 00| 0 eng d
040 _cmacl
100 _aRathoer, Kunwar Ishwar Singh
_972142
245 _aNorth East Jungles: Paradise Asia
260 _aDelhi
_bAAbha
_c2015
650 _aZoology
_972143
942 _2ddc
_cBK
999 _c57804
_d57804